|
|
|
|
| LEADER |
00000nab a2200000 a 4500 |
| 001 |
vtls000755286 |
| 003 |
SK-MaSNL |
| 005 |
20260302192145.0 |
| 008 |
140228c2001 xo 0 slo |
| 015 |
|
|
|a SNBRB2001/04-10893
|
| 035 |
|
|
|a CLN000107073
|
| 040 |
|
|
|a SNKBUCL
|b slo
|c SNKBUCL
|e AACR2
|
| 041 |
0 |
|
|a slo
|
| 044 |
|
|
|a xo
|c SK
|
| 080 |
|
|
|a 336.717:368.86.027.3:061.2(437.6)
|2 1997
|
| 080 |
|
|
|a 368.86.027.3
|2 1997
|
| 080 |
|
|
|a 347.736
|2 1997
|
| 080 |
|
|
|a 336.712(437.6):656:347.736
|2 1997
|
| 100 |
1 |
|
|a Sobolič, Peter
|4 ain
|9 908885
|
| 245 |
1 |
0 |
|a K ochrane vkladov
|b s guvernérom NBS M. Juskom
|c [zhováral sa] Peter Sobolič
|
| 610 |
|
7 |
|a Dopravná banka (Slovensko)
|x majetok konkurzný
|2 snkbucl
|9 908474
|
| 610 |
|
7 |
|a Fond ochrany vkladov (Slovensko)
|x majetok konkurzný
|2 snkbucl
|9 907455
|
| 655 |
|
7 |
|a články z novín a časopisov
|2 snkbucl
|9 267496
|
| 700 |
1 |
|
|a Jusko, Marián,
|d 1956-
|4 aut
|9 105672
|
| 773 |
0 |
|
|t Hospodárske noviny
|g Roč. 9, č. 48 (8.3.2001), s. 1 a 3
|x 1335-4701
|
| 850 |
|
|
|a Slovenská národná knižnica v Martine
|
| 852 |
|
|
|a SNK
|b KIS3GCP
|
| 958 |
|
|
|a SK
|
| 992 |
|
|
|a RBX
|
| 999 |
|
|
|c 1439721
|d 1441651
|